000
00233nam a2200097Ia 4500
001
1211371
005
20250827024435.0
008
250824s9999 xx 000 0 und d
245
0
_a
KÖPRÜ
_c
AYŞE KULİN
260
_b
EVEREST YAYINLARI
999
_c
1211371
_d
1211371